Statistics for A-val kezdődő országok

Click here to take the quiz!

General Stats

  • This quiz has been taken 27 times
  • The average score is 7 of 10

Answer Stats

Ország% Correct
Ausztria
95%
Albánia
91%
Andorra
91%
Azerbajdzsán
82%
Angola
77%
Ausztrália
73%
Afganisztán
68%
Algéria
64%
Argentína
59%
Antigua és Barbuda
45%

Score Distribution

Percentile by Number Answered

Percent of People with Each Score

Your Score History

You have not taken this quiz